South Eastern Kenya University

Library Online Public Access Catalogue


Calculus for the life sciences (Record no. 12963)

MARC details
000 -LEADER
fixed length control field 00413nam a22001577a 4500
003 - CONTROL NUMBER IDENTIFIER
control field OSt
005 - DATE AND TIME OF LATEST TRANSACTION
control field 20160421154950.0
008 - FIXED-LENGTH DATA ELEMENTS--GENERAL INFORMATION
fixed length control field 160421b xxu||||| |||| 00| 0 eng d
040 ## - CATALOGING SOURCE
Original cataloging agency seku
050 ## - LIBRARY OF CONGRESS CALL NUMBER
Classification number QA303
Item number .B4 2006
100 ## - MAIN ENTRY--PERSONAL NAME
Personal name Bitinger L. Marvin
245 ## - TITLE STATEMENT
Title Calculus for the life sciences
Remainder of title custom edition for purdue university
260 ## - PUBLICATION, DISTRIBUTION, ETC. (IMPRINT)
Place of publication, distribution, etc. Boston:
Name of publisher, distributor, etc. Pearson;
Date of publication, distribution, etc. 2006
300 ## - PHYSICAL DESCRIPTION
Extent 751p:
942 ## - ADDED ENTRY ELEMENTS (KOHA)
Source of classification or shelving scheme Library of Congress Classification
Koha item type General circulation

No items available.

Kitui, Kenya.
+254736116989
library@seku.ac.ke